000 00381nam a2200157Ia 4500
008 230312s9999||||xx |||||||||||||| ||und||
020 _a3-540-21382-1
082 _a005.8
_bMCD-A
100 _aMcDonald;Sharon
245 0 _aAdvances in Information Retrieval
260 _bSpringer
_aUSA
_c2004
300 _a418
546 _aEnG.
650 _aComputer
_vProgramming
942 _cBK
999 _c6953
_d6953